Flaggen britischer Kolonien - Statistiken

Allgemein
  • Dieses Quiz wurde 58 mal gespielt
  • Das Durchschnittsergebnis liegt bei 2 aus 10
Antwortstatistiken
Bildquiz Hint Antwort % Korrekt
Kanada
91%
Malta
40%
Südafrika
27%
Barbados
13%
Kenia
11%
Nigeria
9%
Zypern
9%
Antigua und Barbuda
7%
Südjemen
4%
Trinidad und Tobago
4%
Keine übereinstimmenden Quizze gefunden
Verteilung der Resultate
Anzahl Personen mit jedem Resultat
Perzentil nach korrekt beantworteten Fragen
Ihre Resultats-Entwicklung
Sie haben dieses Quiz noch nicht gespielt